000 00906 a2200253 4500
005 20250401110431.0
020 _a062702596X
050 _aHD38.5
_bHUG 2006
100 _aHugo, W.M.J.
_eauthor
245 _aPurchasing and supply chain management /
_cW.M.J. Hugo, J.A. Badenhorst-Weiss, E.H.B. van Biljon (editors) and D.C. van Rooyen (consulting editor)
250 _aFifth edition
264 _aPretoria :
_bVan Schaik Publishers,
_c2006
300 _axix, 375 pages
_billustrations
336 _2rdacontent
_atext
_btxt
337 _2rdamedia
_aunmediated
_bn
338 _2rdacarrier
_avolume
_bnc
500 _a.
504 _aIncludes bibliographical references and index
650 _aIndustrial procurement
_xManagement
650 _aMaterials management
700 _aBadenhorst-Weiss, J.A.
_eeditor
700 _avan Biljon, E.H.B.
_eeditor
942 _2lcc
_cBK
_eFifth edition
_h38.5
_iHUG
_kHD
999 _c11507
_d11507